Score 0/18 Timer 03:00
0 Plays Today
Title Missing Word % Correct
______ and PunishmentCrime
98%
War and ______ Peace
96.6%
______ ZhivagoDoctor
96.5%
The Girl with the ______ TattooDragon
94.6%
The ______ of Monte CristoCount
93.5%
Pippi ______ Longstocking
92%
______ BovaryMadame
86.5%
The ______ ComedyDivine
85.8%
Oedipus ______ Rex
79.6%
Title Missing Word % Correct
The ______ PrinceLittle
71.8%
Love in the Time of ______Cholera
69.8%
Waiting for ______Godot
69.6%
The ______ of War Art
67.8%
The Diary of a ______ GirlYoung
64.4%
One ______ and One NightsThousand
61.3%
The ______ StoryNeverending
41.7%
______ WoodNorwegian
38.3%
The ______ of the SpiritsHouse
32.8%

Today's Daily Dose

Word Ladder
Silence

Get the Picture
Philly Team Facts

You're not logged in!

Compare scores with friends on all Sporcle quizzes.
OR
Log In

Sporcle TV

Today on Sporcle TV


Watch our educational content, quiz creation guides, and fun videos on Sporcle TV.

Show Comments

Extras

Top Quizzes Today


Score Distribution

Your Account Isn't Verified!

In order to create a playlist on Sporcle, you need to verify the email address you used during registration. Go to your Sporcle Settings to finish the process.

Report this User

Report this user for behavior that violates our Community Guidelines.

Details: